Distritos de Alagoas em um Mapa - Statistics

Estatísticas Gerais
  • Esse quiz foi jogado 68 vezes
  • A pontuação média é 27 de 115
Respostas no mapa
Respostas codificadas por cores de uma escala verde-vermelha no mapa do quiz de acordo com a % correta abaixo.
 
Estatísticas das Respostas
Município Distrito % Correto
Maceió Maceió
80%
Arapiraca Arapiraca
65%
Maragogi Maragogi
55%
Palmeira dos Índios Palmeira dos Índios
50%
Coruripe Coruripe
48%
Penedo Penedo
45%
União dos Palmares União dos Palmares
45%
Atalaia Atalaia
43%
São Miguel dos Campos São Miguel dos Campos
43%
Murici Murici
40%
Marechal Deodoro Marechal Deodoro
38%
Água Branca Água Branca
35%
Piranhas Piranhas
35%
São Sebastião São Sebastião
35%
Anadia Anadia
33%
Batalha Batalha
33%
Delmiro Gouveia Delmiro Gouveia
33%
Igaci Igaci
33%
Pão de Açúcar Limoeiro
33%
Mata Grande Mata Grande
33%
Pão de Açúcar Pão de Açúcar
33%
Santana do Ipanema Santana do Ipanema
33%
Teotônio Vilela Teotônio Vilela
33%
Barra de São Miguel Barra de São Miguel
30%
Branquinha Branquinha
30%
Cajueiro Cajueiro
30%
Coité do Nóia Coité do Nóia
30%
Inhapi Inhapi
30%
Jacaré dos Homens Jacaré dos Homens
30%
Minador do Negrão Minador do Negrão
30%
Ouro Branco Ouro Branco
30%
Palestina Palestina
30%
Paripueira Paripueira
30%
Rio Largo Rio Largo
30%
Satuba Satuba
30%
Viçosa Viçosa
30%
Barra de Santo Antônio Barra de Santo Antônio
28%
Cacimbinhas Cacimbinhas
28%
Capela Capela
28%
Piaçabuçu Piaçabuçu
28%
Pilar Pilar
28%
Porto Calvo Porto Calvo
28%
Traipu Traipu
28%
Campo Grande Campo Grande
25%
Canapi Canapi
25%
Estrela de Alagoas Estrela de Alagoas
25%
Igreja Nova Igreja Nova
25%
Junqueiro Junqueiro
25%
Lagoa da Canoa Lagoa da Canoa
25%
Maribondo Maribondo
25%
Olho d'Água das Flores Olho d'Água das Flores
25%
Olho d'Água do Casado Olho d'Água do Casado
25%
Quebrangulo Quebrangulo
25%
Taquarana Taquarana
25%
Belém Belém
23%
Boca da Mata Boca da Mata
23%
Campo Alegre Campo Alegre
23%
Coqueiro Seco Coqueiro Seco
23%
Craíbas Craíbas
23%
Feira Grande Feira Grande
23%
Feliz Deserto Feliz Deserto
23%
Jequiá da Praia Jequiá da Praia
23%
Major Isidoro Major Isidoro
23%
Maravilha Maravilha
23%
Mar Vermelho Mar Vermelho
23%
Messias Messias
23%
Carneiros Carneiros
20%
Girau do Ponciano Girau do Ponciano
20%
Japaratinga Japaratinga
20%
Jaramataia Jaramataia
20%
Jundiá Jundiá
20%
Limoeiro de Anadia Limoeiro de Anadia
20%
Olivença Olivença
20%
Porto Real do Colégio Porto Real do Colégio
20%
Santa Luzia do Norte Santa Luzia do Norte
20%
São Brás São Brás
20%
São José da Tapera São José da Tapera
20%
São Miguel dos Milagres São Miguel dos Milagres
20%
Belo Monte Belo Monte
18%
Dois Riachos Dois Riachos
18%
Pariconha Pariconha
18%
Santana do Mundaú Santana do Mundaú
18%
São José da Laje São José da Laje
18%
Ibateguara Ibateguara
15%
Joaquim Gomes Joaquim Gomes
15%
Novo Lino Novo Lino
15%
Olho d'Água Grande Olho d'Água Grande
15%
Pindoba Pindoba
15%
Poço das Trincheiras Poço das Trincheiras
15%
Porto de Pedras Porto de Pedras
15%
Roteiro Roteiro
15%
Senador Rui Palmeira Senador Rui Palmeira
15%
Tanque d'Arca Tanque d'Arca
15%
Chã Preta Chã Preta
13%
Matriz de Camaragibe Matriz de Camaragibe
13%
Passo de Camaragibe Passo de Camaragibe
13%
São Luís do Quitunde São Luís do Quitunde
13%
Colônia Leopoldina Colônia Leopoldina
10%
Flexeiras Flexeiras
10%
Monteirópolis Monteirópolis
10%
Paulo Jacinto Paulo Jacinto
10%
Jacuípe Jacuípe
8%
Campestre Campestre
5%
Palmeira dos Índios Canafístula
5%
Viçosa Anel
3%
Maragogi Barra Grande
3%
Palmeira dos Índios Caldeirões de Cima
3%
Piranhas Entremontes
3%
Coruripe Poxim
3%
Capela Santa Efigênia
3%
Atalaia Sapucaia
3%
Santana do Mundaú Munguba
0%
Major Isidoro Riacho do Sertão
0%
União dos Palmares Rocha Cavalcante
0%
Porto de Pedras Tatuamunha
0%
Nenhum quiz correspondente encontrado
Distribuição das Pontuações
Porcentagem de Pessoas com Cada Pontuação
Percentil de Números Respondidos
Sua Pontuação Histórica
Você não jogou esse quiz